Behind a closed door /

Tallennettuna:
Bibliografiset tiedot
Päätekijä: Donnelly, Jane
Aineistotyyppi: Kirja
Kieli:English
Julkaistu: London : Mills & Boon, 1979.
LEADER 00709nam a2200205 a 4500
001 c000272606
003 CARM
005 20070924124609.0
008 070924s1979 enk 000 1 eng d
019 1 |a 1463588  |5 LACONCORD2021 
020 |a 0263094510 
035 |a (OCoLC)5256127  |5 LACONCORD2021 
040 |a VCAV  |b eng  |c VCAV 
100 1 |a Donnelly, Jane. 
245 1 0 |a Behind a closed door /  |c by Jane Donnelly. 
260 |a London :  |b Mills & Boon,  |c 1979. 
300 |a 189 p. 
852 8 |b CARM  |h A1:AN26A0  |i A04860  |p 0393379  |f BK 
999 f f |i 08ad395a-8798-56de-8cd7-dab5bb96572b  |s 2bdeda9b-15c7-5114-b414-491b0f0326db 
952 f f |p Can circulate  |a CAVAL  |b CAVAL  |c CAVAL  |d CARM 1 Store  |e A04860  |f A1:AN26A0  |h Other scheme  |i book  |m 0393379